000 00295nam a22001337a 4500
008 170606b xxu||||| |||| 00| 0 eng d
020 _a0135094224
041 _aeng
080 _22ND
_a94(7/8)
100 _a18
101 _aSHH
245 _aJAPANESE AMERICANS
_cKITANO,H.H
942 _2udc
_cBK
999 _c16053
_d16053